[Event "Central Serbia 1st league"]
[Site "?"]
[Date "2007.??.??"]
[Round "8.1"]
[White "Jovic, Stanoje"]
[Black "Misojcic, Miroslav"]
[Result "1/2-1/2"]
[WhiteElo "2295"]
[BlackElo "2244"]
[PlyCount "21"]
[EventDate "2007.09.15"]

1. c4 Nf6 2. Nc3 c5 3. Nf3 e6 4. g3 d5 5. cxd5 exd5 6. d4 Nc6 7. Bg2 Be7 8. O-O
O-O 9. dxc5 Bxc5 10. Bg5 d4 11. Ne4 1/2-1/2

[Event "Central Serbia 1st league"]
[Site "?"]
[Date "2007.??.??"]
[Round "8.2"]
[White "Stojanovic, Dalibor"]
[Black "Kojovic, Dragan"]
[Result "1/2-1/2"]
[WhiteElo "2503"]
[BlackElo "2407"]
[PlyCount "87"]
[EventDate "2007.09.15"]

1. e4 c6 2. d4 d5 3. e5 c5 4. dxc5 Nc6 5. Bb5 e6 6. Qg4 h5 7. Qf4 Bxc5 8. Bd3
Qc7 9. Nf3 Nb4 10. O-O Nxd3 11. cxd3 Ne7 12. b4 Ng6 13. Qd2 Be7 14. Bb2 Bd7 15.
Rc1 Qb6 16. a3 Nh4 17. Nxh4 Bxh4 18. Qf4 Qd8 19. Qe3 Qg5 20. Nd2 Qxe3 21. fxe3
Ba4 22. Bd4 b6 23. Rc7 Bd8 24. Rc3 f5 25. Rac1 Rh7 26. Nf3 g5 27. g3 Bd7 28.
Nd2 h4 29. e4 hxg3 30. hxg3 a5 31. bxa5 Rxa5 32. exf5 exf5 33. e6 Bxe6 34. Re1
Rh6 35. Nf3 g4 36. Ne5 Ra4 37. Be3 Rh3 38. Bf4 d4 39. Rc6 Bd5 40. Nxg4+ Kf7 41.
Ne5+ Ke8 42. Ng4+ Kf7 43. Ne5+ Ke8 44. Ng4+ 1/2-1/2

[Event "Central Serbia 1st league"]
[Site "?"]
[Date "2007.??.??"]
[Round "8.2"]
[White "Solomunovic, Igor"]
[Black "Bogosavljevic, Boban"]
[Result "1-0"]
[WhiteElo "2396"]
[BlackElo "2491"]
[PlyCount "159"]
[EventDate "2007.09.15"]

1. e4 c5 2. Nf3 Nc6 3. d4 cxd4 4. Nxd4 Nf6 5. Nc3 d6 6. Be2 e5 7. Nb3 Be7 8.
O-O O-O 9. f4 a5 10. a4 Nb4 11. Kh1 Bd7 12. Bf3 Rc8 13. Be3 Be6 14. Rf2 exf4
15. Bxf4 Qb6 16. Qd4 Qa6 17. Qd2 Bxb3 18. cxb3 Nd3 19. Re2 Nxf4 20. Qxf4 Qb6
21. Nb5 Rc5 22. Rd1 Nd7 23. Qe3 Ne5 24. Qd4 Bf6 25. Qg1 Rd8 26. Red2 Be7 27.
Be2 Qc6 28. Nc3 Bg5 29. Bb5 Qc8 30. Rxd6 Rxd6 31. Rxd6 Ng4 32. Rd3 h5 33. Bd7
Qc7 34. Bxg4 hxg4 35. Qd1 Qf4 36. Rd5 Rc6 37. g3 Qe3 38. Qxg4 Be7 39. Rd1 Qf2
40. Qe2 Qxe2 41. Nxe2 Rc2 42. Nf4 b6 43. Rd7 Bc5 44. Nd3 Be3 45. h4 Rd2 46. Ne5
Rxb2 47. Rd8+ Kh7 48. Rd3 f6 49. Nc4 Rb1+ 50. Kg2 Bc5 51. e5 Rg1+ 52. Kf3 Kg6
53. exf6 gxf6 54. Nd2 f5 55. Nc4 Rf1+ 56. Ke2 Rf2+ 57. Ke1 Kh5 58. Ne5 Rb2 59.
Rf3 f4 60. Rxf4 Rxb3 61. Rf5+ Kh6 62. g4 Rb4 63. g5+ Kh5 64. g6+ Kh6 65. h5
Rxa4 66. Kd2 Rd4+ 67. Kc2 Re4 68. Nf7+ Kg7 69. Rg5 Re2+ 70. Kd3 Re3+ 71. Kc4
Re4+ 72. Kb5 Re8 73. h6+ Kg8 74. Rh5 a4 75. h7+ Kg7 76. h8=Q+ Rxh8 77. Rxh8 a3
78. Ra8 Kxg6 79. Ne5+ Kf5 80. Nc4 1-0

[Event "Central Serbia 1st league"]
[Site "?"]
[Date "2007.??.??"]
[Round "8.2"]
[White "Marjanovic, Slavoljub"]
[Black "Rabrenovic, Vladan"]
[Result "1-0"]
[WhiteElo "2480"]
[BlackElo "2312"]
[PlyCount "67"]
[EventDate "2007.09.15"]

1. e4 d6 2. d4 Nf6 3. f3 e5 4. Ne2 Be7 5. c4 O-O 6. Nbc3 c6 7. d5 a5 8. Be3 Na6
9. Qd2 cxd5 10. cxd5 Bd7 11. g4 Ne8 12. Ng3 h6 13. Bb5 Bxb5 14. Nxb5 Bg5 15.
Bxg5 hxg5 16. Nf5 g6 17. h4 gxf5 18. hxg5 Kg7 19. gxf5 Rg8 20. f6+ Nxf6 21.
gxf6+ Qxf6 22. O-O-O Rac8+ 23. Kb1 Kf8 24. Qh6+ Qxh6 25. Rxh6 Rc5 26. Nxd6 Rg2
27. Nf5 Ke8 28. Ne3 Re2 29. d6 Kd7 30. Rf6 Nb4 31. Rxf7+ Ke6 32. Re7+ Kf6 33.
Rxb7 Rxe3 34. d7 1-0

[Event "Central Serbia 1st league"]
[Site "?"]
[Date "2007.??.??"]
[Round "8.2"]
[White "Irizanin, Radoje"]
[Black "Miljkovic, Miroslav"]
[Result "1/2-1/2"]
[WhiteElo "2325"]
[BlackElo "2405"]
[PlyCount "95"]
[EventDate "2007.09.15"]

1. d4 d5 2. Nf3 Nf6 3. e3 c6 4. c4 a6 5. Bd3 Bg4 6. Nbd2 e6 7. Qc2 Nbd7 8. b3
c5 9. O-O Rc8 10. Ne5 cxd4 11. Nxg4 Nxg4 12. exd4 dxc4 13. bxc4 b5 14. Qd1 Ngf6
15. cxb5 axb5 16. Bxb5 Be7 17. Nf3 O-O 18. a4 Nb6 19. Qb3 Nbd5 20. Bb2 Ne4 21.
Rfc1 Qa5 22. Qd3 Nd6 23. Ba3 Qa8 24. Bxd6 Bxd6 25. Ne5 Bxe5 26. dxe5 Qa5 27. g3
g6 28. Bc6 Rxc6 29. Rxc6 Nb4 30. Qb5 Nxc6 31. Qxc6 Qxe5 32. Rb1 h5 33. h4 Rd8
34. Kg2 Rd2 35. Qf3 Qd5 36. Qxd5 Rxd5 37. Ra1 Ra5 38. Kf3 Kf8 39. Ke3 Ke7 40.
Kd4 Kd6 41. Kc4 Kc6 42. Kb4 Rf5 43. Ra2 Kb6 44. Rd2 Rf3 45. a5+ Kb7 46. Rb2 Ka6
47. Rd2 Kb7 48. Rd4 1/2-1/2

[Event "Central Serbia 1st league"]
[Site "?"]
[Date "2007.??.??"]
[Round "8.2"]
[White "Perunovic, Miodrag"]
[Black "Colovic, Dusan"]
[Result "0-1"]
[WhiteElo "2368"]
[BlackElo "2356"]
[PlyCount "124"]
[EventDate "2007.09.15"]

1. d4 d5 2. c4 e6 3. Nf3 c6 4. e3 f5 5. Bd3 Nh6 6. O-O Nd7 7. b3 Qf6 8. Qc2 Bd6
9. Ba3 Bxa3 10. Nxa3 O-O 11. b4 a6 12. Rab1 Kh8 13. Qb2 Nf7 14. Rfc1 g5 15. Ne1
g4 16. f4 gxf3 17. Nxf3 Rg8 18. Rf1 Qh6 19. Qe2 Nf6 20. Nc2 Bd7 21. cxd5 cxd5
22. b5 axb5 23. Bxb5 Bxb5 24. Rxb5 Rxa2 25. Rxb7 Ng5 26. Nxg5 Qxg5 27. Rc7 Ng4
28. g3 Rb8 29. Rc1 Qd8 30. Rc5 Qb6 31. Qf3 Qb2 32. Rf1 Qb3 33. Rc1 Qd3 34. Rd1
Qb3 35. Rc1 Rb2 36. Qf4 Qd3 37. Ne1 Qxe3+ 38. Qxe3 Nxe3 39. Rc8+ Rxc8 40. Rxc8+
Kg7 41. Rc7+ Kf6 42. h4 Re2 43. Nf3 Rg2+ 44. Kh1 Rxg3 45. Ne5 Rg7 46. Nd7+ Kg6
47. Nf8+ Kh6 48. Rc6 Kh5 49. Nxe6 Rg4 50. Rd6 Kxh4 51. Rd7 Kg3 52. Rxh7 f4 53.
Ng7 f3 54. Nh5+ Kf2 55. Nf6 Rg1+ 56. Kh2 Ng4+ 57. Nxg4+ Rxg4 58. Kh3 Rxd4 59.
Ra7 Rd2 60. Ra1 d4 61. Ra8 d3 62. Rd8 Ke1 0-1

[Event "Central Serbia 1st league"]
[Site "?"]
[Date "2007.??.??"]
[Round "8.2"]
[White "Mirkovic, Stevan"]
[Black "Maksimovic, Branimir"]
[Result "1/2-1/2"]
[WhiteElo "2226"]
[BlackElo "2362"]
[PlyCount "77"]
[EventDate "2007.09.15"]

1. Nf3 Nf6 2. c4 e6 3. Nc3 Bb4 4. Qc2 O-O 5. g3 b6 6. Bg2 Bb7 7. a3 Bxc3 8.
Qxc3 c5 9. O-O Qc7 10. b3 d6 11. d4 Nbd7 12. Bb2 Rfe8 13. Rad1 a5 14. a4 Rac8
15. e3 Be4 16. Nd2 Bxg2 17. Kxg2 d5 18. Qc1 cxd4 19. Bxd4 e5 20. Ba1 Qc6 21.
Kg1 Qe6 22. Kg2 Nc5 23. Qb1 Rcd8 24. cxd5 Nxd5 25. Nc4 f6 26. Rd2 Rd7 27. Rfd1
Red8 28. e4 Nb4 29. Rxd7 Rxd7 30. Rxd7 Qxd7 31. Bc3 Qc6 32. f3 Nbd3 33. Bd2 h5
34. Be3 Qe6 35. Nxb6 Qxb3 36. Qxb3+ Nxb3 37. Nc4 Nbc5 38. Bxc5 Nxc5 39. Nxa5
1/2-1/2

[Event "Central Serbia 1st league"]
[Site "?"]
[Date "2007.??.??"]
[Round "8.3"]
[White "Ilincic, Zlatko"]
[Black "Ristic, Nenad"]
[Result "1-0"]
[WhiteElo "2509"]
[BlackElo "2435"]
[PlyCount "53"]
[EventDate "2007.09.15"]

1. d4 Nf6 2. c4 c5 3. d5 b5 4. Qc2 g6 5. e4 bxc4 6. Bxc4 Bg7 7. Nf3 O-O 8. O-O
d6 9. Nbd2 e5 10. dxe6 fxe6 11. e5 Nd5 12. exd6 Qxd6 13. Ne4 Qb6 14. Be3 Nxe3
15. fxe3 Nc6 16. Nfg5 Rxf1+ 17. Rxf1 Qxb2 18. Qa4 Qb6 19. Nxe6 Kh8 20. Nxg7
Kxg7 21. Rf7+ Kh6 22. Nf6 Bf5 23. Qd1 Rd8 24. Rxh7+ Kg5 25. Nd5 Rxd5 26. Qxd5
Na5 27. h4+ 1-0

[Event "Central Serbia 1st league"]
[Site "?"]
[Date "2007.??.??"]
[Round "8.3"]
[White "Ristic, Nebojsa M"]
[Black "Pap, Misa"]
[Result "1/2-1/2"]
[WhiteElo "2371"]
[BlackElo "2493"]
[PlyCount "105"]
[EventDate "2007.09.15"]

1. Nf3 c5 2. c4 Nf6 3. g3 b6 4. Bg2 Bb7 5. O-O e6 6. Nc3 a6 7. b3 Be7 8. Bb2
O-O 9. d4 cxd4 10. Nxd4 Bxg2 11. Kxg2 d6 12. e3 Ra7 13. Qf3 Qc8 14. Rad1 Rc7
15. Ne4 Nbd7 16. Nxf6+ Bxf6 17. Ba3 Ne5 18. Qe4 Be7 19. f4 f5 20. Qc2 Ng4 21.
Qe2 Qb7+ 22. Kg1 Qe4 23. Nc2 Qc6 24. e4 Qxe4 25. Qxe4 fxe4 26. Bxd6 Bxd6 27.
Rxd6 b5 28. Nd4 Re8 29. Nxe6 Rce7 30. Nd4 bxc4 31. bxc4 Rc7 32. h3 Ne3 33. Re1
Nxc4 34. Re6 Rxe6 35. Nxe6 Rc6 36. Rxe4 Nd6 37. Re2 Rc3 38. Kf2 h6 39. Nd4 Rd3
40. Nf3 Ra3 41. g4 Nb5 42. g5 Nc3 43. Re6 Nd5 44. g6 Rxa2+ 45. Kg3 Rg2+ 46. Kh4
Kf8 47. Ne5 Ne7 48. Rxa6 Nf5+ 49. Kh5 Ke7 50. Nc6+ Kd7 51. Ne5+ Ke7 52. Nc6+
Kd7 53. Ne5+ 1/2-1/2

[Event "Central Serbia 1st league"]
[Site "?"]
[Date "2007.??.??"]
[Round "8.3"]
[White "Milanovic, Danilo"]
[Black "Djoric, Dusan"]
[Result "1-0"]
[WhiteElo "2495"]
[BlackElo "2308"]
[PlyCount "57"]
[EventDate "2007.09.15"]

1. d4 Nf6 2. c4 e5 3. dxe5 Ng4 4. e3 Nxe5 5. Nh3 Bc5 6. Nf4 d6 7. Be2 Nbd7 8.
Nc3 Nf6 9. O-O a5 10. b3 Bd7 11. Bb2 O-O 12. Qc2 Bc6 13. Rad1 Re8 14. a3 Ng6
15. Nfd5 Nxd5 16. Nxd5 Qg5 17. Kh1 Nh4 18. g3 Ng6 19. f4 Qe7 20. f5 Nf8 21. f6
Bxd5+ 22. Rxd5 Qe4+ 23. Qxe4 Rxe4 24. fxg7 Ng6 25. Rdf5 Rxe3 26. Bf3 c6 27.
Rxf7 Re7 28. Rxe7 Nxe7 29. Bg4 1-0

[Event "Central Serbia 1st league"]
[Site "?"]
[Date "2007.??.??"]
[Round "8.3"]
[White "Stankovic, Dragan P"]
[Black "Nikolic, Zivoslav"]
[Result "1/2-1/2"]
[WhiteElo "2315"]
[BlackElo "2417"]
[PlyCount "20"]
[EventDate "2007.09.15"]

1. c4 g6 2. Nc3 Bg7 3. g3 c5 4. Bg2 Nc6 5. e3 e6 6. Nge2 Nge7 7. d4 cxd4 8.
Nxd4 Nxd4 9. exd4 O-O 10. O-O d5 1/2-1/2

[Event "Central Serbia 1st league"]
[Site "?"]
[Date "2007.??.??"]
[Round "8.3"]
[White "Jovanovic, Bojan"]
[Black "Milosevic, Slavisa"]
[Result "1/2-1/2"]
[WhiteElo "2304"]
[BlackElo "2272"]
[PlyCount "91"]
[EventDate "2007.09.15"]

1. d4 f5 2. c4 Nf6 3. Nf3 g6 4. g3 Bg7 5. Bg2 O-O 6. O-O d6 7. Nc3 c6 8. Re1
Na6 9. Rb1 Bd7 10. b4 b5 11. cxb5 cxb5 12. Qb3+ e6 13. e4 fxe4 14. Nxe4 Nxe4
15. Rxe4 Nc7 16. Bf4 Bc6 17. Re3 Bd5 18. Qb2 a5 19. Rbe1 axb4 20. Qxb4 Rxf4 21.
gxf4 Ra4 22. Qb1 Bxa2 23. Qc2 Bc4 24. Ng5 Qf6 25. d5 Ra2 26. Qe4 e5 27. Qf3
Nxd5 28. Qh3 h6 29. Qc8+ Qf8 30. Qxf8+ Bxf8 31. Bxd5+ Bxd5 32. Rd1 exf4 33. Re8
Ra8 34. Rxa8 Bxa8 35. Ne6 Be7 36. Nxf4 Kf7 37. Nd5 Bd8 38. Nc3 b4 39. Rxd6 Be7
40. Ra6 Bf3 41. Na4 Bd1 42. Nb2 Bc2 43. Rb6 b3 44. Nc4 Be4 45. Rxb3 h5 46. Rb5
1/2-1/2

[Event "Central Serbia 1st league"]
[Site "?"]
[Date "2007.??.??"]
[Round "8.3"]
[White "Jokovic, Dragan"]
[Black "Jovanovic, Drasko"]
[Result "1-0"]
[WhiteElo "2164"]
[BlackElo "2250"]
[PlyCount "63"]
[EventDate "2007.09.15"]

1. d4 Nf6 2. Bg5 e6 3. e4 c5 4. d5 Qb6 5. Nc3 a6 6. Rb1 e5 7. f4 d6 8. fxe5
dxe5 9. Nf3 Bg4 10. h3 Bxf3 11. Qxf3 Nbd7 12. Be2 Bd6 13. O-O O-O-O 14. Be3 Qc7
15. a3 h6 16. b4 cxb4 17. axb4 Qxc3 18. Rb3 Qc7 19. c4 Bxb4 20. Rxb4 Nc5 21.
Rfb1 Nfxe4 22. Rxb7 Qxb7 23. Rxb7 Kxb7 24. Bxc5 Nxc5 25. Qa3 Rc8 26. Qb4+ Ka7
27. Bg4 Rc7 28. Qa5 Kb7 29. d6 Rc6 30. d7 Nxd7 31. Bxd7 Rd6 32. Bf5 1-0

[Event "Central Serbia 1st league"]
[Site "?"]
[Date "2007.??.??"]
[Round "8.5"]
[White "Muratovic, Alija"]
[Black "Trifunovic, Miroljub"]
[Result "0-1"]
[WhiteElo "2476"]
[BlackElo "2270"]
[PlyCount "102"]
[EventDate "2007.09.15"]

1. e4 e5 2. Nf3 Nc6 3. Bb5 a6 4. Ba4 Nf6 5. O-O Be7 6. Bxc6 dxc6 7. d3 Nd7 8.
Nbd2 O-O 9. Nc4 f6 10. Nh4 g6 11. Na5 Rf7 12. Bd2 Nf8 13. Bc3 c5 14. a4 Ne6 15.
g3 Nd4 16. f3 b6 17. Nc4 Be6 18. b3 Qd7 19. Qd2 Raf8 20. Ng2 b5 21. axb5 axb5
22. Nce3 f5 23. exf5 gxf5 24. f4 e4 25. Kh1 exd3 26. Qxd3 Bf6 27. Rad1 Qc6 28.
Rf2 Rd7 29. Qf1 Rd6 30. Rfd2 Bc8 31. b4 Bb7 32. Qf2 Rfd8 33. h3 Bg7 34. Rd3 c4
35. R3d2 Qe4 36. h4 Nxc2 37. Rxd6 Rxd6 38. Rxd6 cxd6 39. Nxc2 Bxc3 40. Kh2 Bg7
41. Kh3 d5 42. Qb6 d4 43. Nce1 d3 44. Qd8+ Bf8 45. Qg5+ Kf7 46. Qh5+ Ke6 47.
Qe8+ Be7 48. Qxb5 d2 49. Nf3 Qxf3 50. Qe5+ Kd7 51. Qxf5+ Ke8 0-1

[Event "Central Serbia 1st league"]
[Site "?"]
[Date "2007.??.??"]
[Round "8.5"]
[White "Cvetkovic, Nemanja"]
[Black "Djakovac, Enes"]
[Result "1-0"]
[WhiteElo "2276"]
[BlackElo "2237"]
[PlyCount "55"]
[EventDate "2007.09.15"]

1. d4 d5 2. c4 c6 3. Nc3 Nf6 4. Nf3 e6 5. e3 Bd6 6. Bd3 O-O 7. O-O Nbd7 8. e4
dxe4 9. Nxe4 Nxe4 10. Bxe4 Nf6 11. Bc2 c5 12. Qd3 cxd4 13. Bg5 g6 14. Qxd4 Be7
15. Qh4 Re8 16. Rad1 Nd7 17. Ba4 f6 18. Qe4 Kf7 19. Rfe1 Bb4 20. Ne5+ Nxe5 21.
Rxd8 Rxd8 22. Bxf6 Kxf6 23. Qxe5+ Kf7 24. Qc7+ Be7 25. Re3 b5 26. Rf3+ Ke8 27.
cxb5 Bd7 28. Qe5 1-0

[Event "Central Serbia 1st league"]
[Site "?"]
[Date "2007.??.??"]
[Round "8.5"]
[White "Milosavljevic, Milisav"]
[Black "Rajkovic, Ljubisa"]
[Result "0-1"]
[WhiteElo "2199"]
[BlackElo "2189"]
[PlyCount "126"]
[EventDate "2007.09.15"]

1. Nf3 d5 2. d4 c6 3. g3 Nf6 4. Bg2 Bf5 5. O-O Nbd7 6. Nbd2 h6 7. Re1 Bh7 8.
Ne5 e6 9. Nd3 Be7 10. c3 O-O 11. e4 dxe4 12. Nxe4 Nxe4 13. Bxe4 Bxe4 14. Rxe4
Nf6 15. Re1 Re8 16. Qe2 Qd5 17. Nf4 Qf5 18. Qd3 Qxd3 19. Nxd3 Bd6 20. Bf4 Bxf4
21. Nxf4 Rad8 22. Re2 Kf8 23. Nd3 Rd5 24. Nc5 Rb8 25. Rd1 b6 26. Na6 Rc8 27.
Nb4 Ra5 28. Ra1 c5 29. Nc2 cxd4 30. Nxd4 Rd5 31. Rae1 Rc4 32. Re5 Rcc5 33. Rxd5
Rxd5 34. Re2 g6 35. Kg2 Rd6 36. Nb5 Rd7 37. c4 a6 38. Na3 Rd1 39. Nc2 Nd7 40.
Ne3 Rc1 41. b3 h5 42. Rd2 Ke7 43. Kf3 Rh1 44. h4 Ra1 45. Ke2 Rc1 46. Rd1 Rxd1
47. Nxd1 Kd6 48. Kd3 a5 49. Kc3 Nc5 50. a3 Na6 51. b4 axb4+ 52. axb4 e5 53. Nb2
Nb8 54. Na4 Kc7 55. b5 Nd7 56. Kb4 e4 57. c5 bxc5+ 58. Nxc5 Ne5 59. Ka5 Nc4+
60. Ka6 Nd6 61. b6+ Kc6 62. Nb3 Kd5 63. Na5 f6 0-1

[Event "Central Serbia 1st league"]
[Site "?"]
[Date "2007.??.??"]
[Round "8.5"]
[White "Jakovljevic, Zivota"]
[Black "Milosavljevic, Zoran"]
[Result "1-0"]
[WhiteElo "2131"]
[BlackElo "2185"]
[PlyCount "123"]
[EventDate "2007.09.15"]

1. d4 d5 2. c4 e6 3. Nf3 Nf6 4. Bg5 Be7 5. e3 O-O 6. Nc3 b6 7. cxd5 exd5 8. Be2
h6 9. Bf4 Nh5 10. Be5 f6 11. Bg3 Nxg3 12. hxg3 Bf5 13. Nh4 Bh7 14. Bd3 f5 15.
Nf3 Bf6 16. Qc2 c5 17. Bxf5 Bxf5 18. Qxf5 cxd4 19. Qxd5+ Qxd5 20. Nxd5 dxe3 21.
Nc7 Nc6 22. Nxa8 exf2+ 23. Kxf2 Rxa8 24. Rhd1 Bxb2 25. Rab1 Bf6 26. Rd5 Be7 27.
g4 Rf8 28. Kg3 Bc5 29. Rd7 a5 30. Rbd1 Rf6 31. Rb7 Ne7 32. Rdd7 Re6 33. Nh4 g6
34. Nf3 Kf7 35. Nd4 Re3+ 36. Kh2 Rd3 37. Nb5 Re3 38. Nd6+ Ke6 39. Rxe7+ Kxd6
40. Rbd7+ Kc6 41. Rxe3 Bxe3 42. Re7 Bg5 43. Re6+ Kc5 44. Kg3 b5 45. Kf3 b4 46.
Ke4 a4 47. Kd3 a3 48. Re5+ Kd6 49. Rb5 Ke6 50. Rxb4 Be7 51. Rb6+ Kf7 52. Kc2 h5
53. gxh5 gxh5 54. Kb3 h4 55. Rh6 Bc5 56. Kc4 Be7 57. Kd5 Bb4 58. Ke5 Be7 59.
Kf5 Bc5 60. Ra6 Be7 61. Ra7 Kf8 62. Ke6 1-0

[Event "Central Serbia 1st league"]
[Site "?"]
[Date "2007.??.??"]
[Round "8.5"]
[White "Ikic, Alija"]
[Black "Klcesko, Nebojsa"]
[Result "1/2-1/2"]
[WhiteElo "2137"]
[BlackElo "1887"]
[PlyCount "51"]
[EventDate "2007.09.15"]

1. d4 d5 2. c4 e6 3. Nc3 Nf6 4. Bg5 Nbd7 5. cxd5 exd5 6. e3 c6 7. Bd3 Be7 8.
Nge2 h6 9. Bh4 O-O 10. f3 c5 11. O-O a6 12. a4 b6 13. b3 Bb7 14. Rc1 Rc8 15.
Nb1 Re8 16. Bf2 Bd6 17. Nd2 Nf8 18. Re1 Ne6 19. Nf1 cxd4 20. Nxd4 Nxd4 21. exd4
Bb4 22. Rxe8+ Qxe8 23. Bf5 Rxc1 24. Qxc1 Qc6 25. Qxc6 Bxc6 26. Bc8 1/2-1/2